| 000 | 00972cam a22002054a 4500 | ||
|---|---|---|---|
| 005 | 20250605164015.0 | ||
| 008 | 250528s ||||||||||||||||||||||||d | ||
| 035 | _a16114 | ||
| 020 | _a131938886 | ||
| 040 |
_aGR-AtMCL _bgre _dGR-AtMCL _eAACR2 |
||
| 245 | 1 | _aCritical Issues in Public Relations | |
| 260 |
_bPrentice Hall, _c1975 |
||
| 300 | _a236 | ||
| 505 | 0 | _aPrologue, Overview, Financial Relations, Government Relations, Media Relations, Public Interest Issues, Profits Communication, Management/ Employee Relations, Advertising, International Public Relations, Reprise: The Critical Issue, Index. | |
| 520 | _aPrologue, Overview, Financial Relations, Government Relations, Media Relations, Public Interest Issues, Profits Communication, Management/ Employee Relations, Advertising, International Public Relations, Reprise: The Critical Issue, Index. | ||
| 710 | 2 |
_aHill And Knowlton Executives _99727 |
|
| 942 | _cBK | ||
| 999 |
_c1651 _d1651 |
||